=LDR 00000nam 2200000 4500 =001 000813 =005 20250711115237 =035 ##$$a 0010-0725000683 =007 ta =008 250711################a##########0#ind## =020 ##$$a 978-602-1101-44-5 =082 ##$$a 398. 209 598 =084 ##$$a 398. 209 598 ASS o =100 #$$a Assah, James =245 1#$$a Olahraga, Yuk! /$c James Assah =260 ##$$a Bandung Barat :$b Yayasan Litara,$c 2020 =300 ##$$a 14 hlm. : $b Ilus. ; $c 29,7 cm =650 #4$$a Cerita anak Indonesia =990 ##$$a TBM202400649